| 000 | 00454nam a2200181Ia 4500 | ||
|---|---|---|---|
| 008 | 230711s9999||||xx |||||||||||||| ||und|| | ||
| 020 | _a978-981-4670-24-1 | ||
| 041 | _aENG | ||
| 082 |
_a615.7 _bSH-A |
||
| 100 | _aShargel, Leon | ||
| 245 | 0 | _aApplied Biopharmaceutics and Pharmacokinetics | |
| 250 | _a7th Ed. | ||
| 260 |
_c2016 _aNew York _bMcGraw Hill Education |
||
| 300 | _a910p. | ||
| 650 | _aPharmacy | ||
| 700 | _aYu,Andrew B.C | ||
| 942 | _cBK | ||
| 999 |
_c7292 _d7292 |
||